Global competitiveness of U.S. advanced-technology industries : computers
Đã lưu trong:
| 格式: | 图书 |
|---|---|
| 语言: | Undetermined |
| 出版: |
Washington
United States International Trade Commission
1993
|
| 主题: | |
| 标签: |
添加标签
没有标签, 成为第一个标记此记录!
|
| Thư viện lưu trữ: | Trung tâm Học liệu Trường Đại học Cần Thơ |
|---|
| LEADER | 00528nam a2200181Ia 4500 | ||
|---|---|---|---|
| 001 | CTU_86940 | ||
| 008 | 210402s9999 xx 000 0 und d | ||
| 082 | |a 384.041 | ||
| 082 | |b G562 | ||
| 245 | 0 | |a Global competitiveness of U.S. advanced-technology industries : | |
| 245 | 0 | |b computers | |
| 260 | |a Washington | ||
| 260 | |b United States International Trade Commission | ||
| 260 | |c 1993 | ||
| 650 | |a Competition | ||
| 650 | |z United states | ||
| 904 | |i Tuyến | ||
| 980 | |a Trung tâm Học liệu Trường Đại học Cần Thơ | ||